The emperor's egg / (Record no. 453)

MARC details
000 -LEADER
fixed length control field 01210cam a22003134a 4500
005 - DATE AND TIME OF LATEST TRANSACTION
control field 20230425092117.0
020 ## - INTERNATIONAL STANDARD BOOK NUMBER
International Standard Book Number 0763605573 (alk. paper)
040 ## - CATALOGING SOURCE
Original cataloging agency DLC
Transcribing agency DLC
Modifying agency DLC
050 00 - LIBRARY OF CONGRESS CALL NUMBER
Classification number QL696.S473
Item number J45 1999
082 00 - DEWEY DECIMAL CLASSIFICATION NUMBER
Classification number 598.47
Edition number 21
100 1# - MAIN ENTRY--PERSONAL NAME
Personal name Jenkins, Martin,
Dates associated with a name 1959-
245 14 - TITLE STATEMENT
Title The emperor's egg /
Statement of responsibility, etc. Martin Jenkins ; illustrated by Jane Chapman.
250 ## - EDITION STATEMENT
Edition statement 1st U.S. ed.
260 ## - PUBLICATION, DISTRIBUTION, ETC.
Place of publication, distribution, etc. Cambridge, Mass. :
Name of publisher, distributor, etc. Candlewick Press,
Date of publication, distribution, etc. 1999.
300 ## - PHYSICAL DESCRIPTION
Extent 29 pages :
Other physical details color illustrations ;
Dimensions 28 cm.
520 ## - SUMMARY, ETC.
Summary, etc. Describes the parental behavior of Emperor penguins, focusing on how the male keeps the egg warm until it hatches and how the parents care for the chick after it is born.
521 ## - TARGET AUDIENCE NOTE
Target audience note 670 <br/>
Source Lexile
521 ## - TARGET AUDIENCE NOTE
Target audience note M <br/>
Source Raz-Plus
650 #0 - SUBJECT ADDED ENTRY--TOPICAL TERM
Topical term or geographic name entry element Emperor penguin
General subdivision Behavior
Form subdivision Juvenile literature.
650 #0 - SUBJECT ADDED ENTRY--TOPICAL TERM
Topical term or geographic name entry element Parental behavior in animals
Form subdivision Juvenile literature.
650 #1 - SUBJECT ADDED ENTRY--TOPICAL TERM
Topical term or geographic name entry element Emperor penguins
General subdivision Habits and behavior.
650 #1 - SUBJECT ADDED ENTRY--TOPICAL TERM
Topical term or geographic name entry element Penguins
General subdivision Habits and behavior.
650 #1 - SUBJECT ADDED ENTRY--TOPICAL TERM
Topical term or geographic name entry element Parental behavior in animals.
700 1# - ADDED ENTRY--PERSONAL NAME
Personal name Chapman, Jane,
Dates associated with a name 1970-
Relator term ill.
906 ## - LOCAL DATA ELEMENT F, LDF (RLIN)
a 7
b cbc
c orignew
d 1
e ocip
f 19
g y-gencatlg
942 ## - ADDED ENTRY ELEMENTS (KOHA)
Source of classification or shelving scheme Dewey Decimal Classification
Koha item type Books
Suppress in OPAC No
999 ## -
-- 453
-- 453
Holdings
Withdrawn status Lost status Source of classification or shelving scheme Damaged status Not for loan Collection Home library Current library Shelving location Date acquired Total Checkouts Full call number Barcode Date last seen Date last checked out Copy number Price effective from Koha item type
    Dewey Decimal Classification     Non-Fiction Footprints International School Library Network Toul Kork Campus Footprints International School Library Network Toul Kork Campus TK Primary Library Room(4th Floor), Bookcase 5&6, Shelves 33-56, Orange Books 04/25/2023 5 JEN 598.47 QL696.S473 FISTK01976 03/12/2025 03/05/2025 1 04/25/2023 Books
    Dewey Decimal Classification     Non-Fiction Footprints International School Library Network Toul Kork Campus Footprints International School Library Network Toul Kork Campus TK Primary Library Room(4th Floor), Bookcase 5&6, Shelves 33-56, Orange Books 06/02/2025 1 JEN 598.47 QL696.S473 FISTK01749 12/18/2025 09/11/2025 2 06/02/2025 Books